000 01053nam a2200397 a 4500
003 AR-BaBNM
005 20251128205637.0
008 082120s2002 ||||||||||||||000 | spa||
020 _a950-506-237-0
040 _cAR-BaBNM
100 1 _aRouquié, Alain
245 0 0 _aAutoritarismos y democracia
_bestudios de política argentina
250 _a1ª ed.
260 _aBuenos Aires
_bEdicial
_c1994
300 _a410 p.
_btablas
500 _aLas notas se encuentran al final de cada capítulo
600 0 4 _aPerón
_d1952-1955
650 4 _aHISTORIA
650 4 _aPOLITICA
650 4 _aREVOLUCION DE JUNIO DE 1955
650 4 _aIGLESIA Y ESTADO
650 4 _aCATOLICISMO
650 4 _aFUERZAS ARMADAS
650 4 _aHISTORIA LATINOAMERICANA
650 4 _aECONOMIA
650 4 _aIDEOLOGIAS
650 4 _aNACIONALISMO
650 4 _aDICTADURA
650 4 _aSIGLO VEINTE
650 4 _aNACIONALISMO
651 4 _aArgentina
653 _aPOPULISMO
700 1 _aCédola, Estela
_etraductor
942 _cBK
998 _cMariana
999 _c12210
_d12210